Geografia na mapie świata - Statystyki

Ogólne statystyki
  • Ten quiz został rozwiązany 5 830 razy
    5 348 od ostatniego zresetowania
  • Średni wynik to 90 z 260
Odpowiedzi na mapie
Odpowiedzi zakodowano w zielono-czerwonej skali na mapie do tego quizu, zgodnie z poniższymi procentami.
 
Statystyki odpowiedzi
Odpowiedz % Poprawnych
Stolica Warszawa
88%
Kraj Finlandia
87%
Kraj Mongolia
83%
Kraj Rumunia
83%
Kraj Austria
82%
Kraj Peru
82%
Kraj Belgia
81%
Wyspa Madagaskar
81%
Kraj Czad
80%
Stolica Lizbona
79%
Rzeka Nil
79%
Kraj Urugwaj
79%
Wyspa Islandia
78%
Kraj Paragwaj
78%
Stolica Sztokholm
78%
Rzeka Dunaj
76%
Półwysep Iberyjski
76%
Kraj Albania
75%
Kraj Gujana
74%
Kraj Senegal
73%
Kraj Tanzania
73%
Kraj Jordania
71%
Kraj Kirgistan
71%
Kraj Laos
70%
Kraj Malezja
70%
Rzeka Amazonka
69%
Kraj Ghana
68%
Góra/Wulkan Mount Everest
68%
Pasmo górskie Ural
67%
Rzeka Wołga
67%
Kraj Honduras
66%
Wyspa Sycylia
66%
Miasto Barcelona
65%
Miasto Hamburg
65%
Kraj Kostaryka
65%
Stolica Seul
65%
Rzeka Missisipi
64%
Kraj Bhutan
63%
Kraj Botswana
63%
Wyspa Haiti
63%
Góra/Wulkan Mont Blanc
63%
Stolica Algier
61%
Rzeka Dniepr
59%
Góra/Wulkan K2
59%
Miasto Edynburg
58%
Stolica Hawana
58%
Góra/Wulkan Wezuwiusz
58%
Stolica Bogota
56%
Pustynia Gobi
55%
Góra/Wulkan Kilimandżaro
55%
Wyspa Korsyka
55%
Rzeka Ren
55%
Rzeka Kongo
54%
Rzeka Jangcy
53%
Wodospad Niagara
53%
Miasto Dubaj
52%
Miasto Saloniki
52%
Stolica Tbilisi
50%
Stolica Kapsztad
49%
Jezioro Morze Kaspijskie
49%
Rzeka Niger
49%
Stolica Tajpej
49%
Rzeka Tygrys
49%
Miasto Aleksandria
48%
Pasmo górskie Atlas
48%
Miasto Los Angeles
48%
Stolica Santiago
48%
Stolica Gwatemala
47%
Półwysep Kamczatka
47%
Zbiornik wodny Morze Czarne
47%
Zbiornik wodny Morze Bałtyckie
46%
Zbiornik wodny Ocean Atlantycki
46%
Zbiornik wodny Ocean Spokojny
46%
Rzeka Huang He
45%
Rzeka Loara
45%
Rzeka Missouri
45%
Zbiornik wodny Morze Północne
45%
Zbiornik wodny Morze Śródziemne
45%
Zbiornik wodny Ocean Indyjski
45%
Miasto Sao Paulo
45%
Miasto Addis Abeba
44%
Zbiornik wodny Morze Czerwone
44%
Rzeka Ganges
43%
Wyspa Honsiu
43%
Wyspa Nowa Gwinea
43%
Jezioro Wiktorii
43%
Stolica Dhaka
42%
Góra/Wulkan Góra Kościuszki
42%
City Mumbaj
42%
Zbiornik wodny Morze Karaibskie
41%
Miasto Szanghaj
41%
Zbiornik wodny Zatoka Meksykańska
41%
Miasto Hongkong
40%
Półwysep Jukatan
40%
Wyspa Sumatra
40%
Jezioro Bajkał
39%
Miasto Bergen
39%
Wyspa Cejlon
39%
Zbiornik wodny Morze Adriatyckie
39%
Miasto Perth
39%
Zbiornik wodny Ocean Arktyczny
38%
Półwysep Kalifornijski
38%
Półwysep Anatolia
37%
Góra/Wulkan Fudżi
37%
Rzeka Lena
37%
Wyspa Madera
37%
Pasmo górskie Apeniny
36%
Stolica Mogadiszu
36%
Zbiornik wodny Morze Egejskie
36%
Góra/Wulkan Elbrus
35%
Zbiornik wodny Morze Japońskie
35%
Miasto Auckland
34%
Archipelag Falklandy
34%
Miasto Lagos
34%
Zbiornik wodny Morze Arabskie
34%
Zbiornik wodny Morze Żółte
34%
Rzeka Ob
34%
Wyspa Portoryko
34%
Rzeka Mekong
33%
Pustynia Namib
33%
Miasto Nuuk
33%
Pasmo górskie Appalachy
32%
Stolica Luanda
32%
Zbiornik wodny Morze Norweskie
32%
Zbiornik wodny Zatoka Perska
32%
Rzeka Indus
31%
Miasto Montreal
31%
Zbiornik wodny Morze Południowochińskie
31%
Jezioro Nikaragua
31%
Miasto Osaka
31%
Jezioro Erie
30%
Zbiornik wodny Morze Beringa
30%
Stolica Taszkent
30%
Pustynia Kalahari
29%
Miasto Marrakesz
28%
Jezioro Michigan
28%
Zbiornik wodny Morze Jońskie
28%
Wyspa Sachalin
28%
Zbiornik wodny Zatoka Bengalska
28%
Pustynia Atakama
27%
Stolica Dili
27%
Miasto Kolombo
27%
Zbiornik wodny Morze Białe
27%
Miasto Salwador
27%
Zbiornik wodny Zatoka Kalifornijska
27%
Rzeka Amur
26%
Wyspa Celebes
26%
Góra/Wulkan Góra Kenia
26%
Rzeka Kolorado
26%
Zbiornik wodny Morze Wschodniochińskie
26%
Góra/Wulkan Denali
25%
Jezioro Górne
25%
Zbiornik wodny Morze Koralowe
25%
Wyspa Nowa Fundlandia
25%
Rzeka Zambezi
25%
Miasto Aleppo
24%
Jezioro Malawi
24%
Zbiornik wodny Zatoka Alaska
24%
Zbiornik wodny Zatoka Gwinejska
24%
Zbiornik wodny Zatoka Hudsona
24%
Góra/Wulkan Aconcagua
23%
Rzeka Jenisej
23%
Miasto Karaczi
23%
Zbiornik wodny Morze Celebes
23%
Zbiornik wodny Zatoka Biskajska
23%
Rzeka Jukon
22%
Półwysep Kolski
22%
Zbiornik wodny Morze Azowskie
22%
Zbiornik wodny Morze Grenlandzkie
22%
Jezioro Ontario
22%
Pasmo górskie Wielkie Góry Wododziałowe
22%
Miasto Ałmaty
21%
Wyspa Martynika
21%
Zbiornik wodny Morze Tyrreńskie
21%
Jezioro Tanganika
21%
Miasto Ho Chi Minh
20%
Jezioro Ładoga
20%
Wyspy Luzon
20%
Wyspa Sokotra
20%
Jezioro Titicaca
20%
Wyspa Vancouver
20%
Miasto Edmonton
19%
Miasto Guadalajara
19%
Miasto Jakuck
19%
Miasto Manaus
19%
Stolica Mombasa
19%
Zbiornik wodny Morze Tasmana
19%
Rzeka Orinoko
19%
Wyspa Gwadelupa
18%
Zbiornik wodny Morze Barentsa
18%
Rzeka Parana
18%
Wodospad Salto Angel
18%
Miasto Dżudda
17%
Zbiornik wodny Morze Ochockie
17%
Zbiornik wodny Morze Timor
17%
Wyspa Nowa Kaledonia
17%
Stolica Honiara
16%
Jezioro Huron
16%
Pasmo górskie Góry Smocze
15%
Wyspa Hajnan
15%
Jezioro Onega
15%
Zbiornik wodny Zatoka Adeńska
15%
Zbiornik wodny Zatoka Tajlandzka
15%
Zbiornik wodny Morze Jawajskie
14%
Rzeka Murray
14%
Wyspa Spitsbergen
14%
Zbiornik wodny Zatoka Baffina
14%
Zbiornik wodny Kattegat
13%
Wyspa Mindanao
13%
Rzeka Oranje
13%
Zbiornik wodny Skagerrak
13%
Jezioro Wielkie Jezioro Niedźwiedzie
12%
Jezioro Wielkie Jezioro Niewolnicze
12%
Zbiornik wodny Zatoka Świętego Wawrzyńca
12%
Półwysep Jork
11%
Miasto Kajenna
11%
Jezioro Maracaibo
11%
Zbiornik wodny Morze Andamańskie
11%
Zbiornik wodny Morze Beauforta
11%
Zbiornik wodny Morze Czukockie
11%
Miasto Rangun
11%
Pustynia Wielka Pustynia Piaszczysta
11%
Jezioro Winnipeg
11%
Wyspa Wyspa Północna
11%
Jezioro Bałchasz
10%
Miasto Guayaquil
10%
Miasto Kordoba
10%
Rzeka Limpopo
10%
Zbiornik wodny Morze Karskie
10%
Zbiornik wodny Morze Labradorskie
10%
Zbiornik wodny Morze Łaptiewów
10%
Zbiornik wodny Morze Wschodniosyberyjskie
10%
Pasmo górskie Sierra Nevada
10%
Miasto Surabaja
10%
Zbiornik wodny Wielka Zatoka Australijska
10%
Zbiornik wodny Cieśnina Malakka
9%
Wodospad Iguazu
9%
Zbiornik wodny Morze Salomona
9%
Pustynia Wielka Pustynia Wiktorii
9%
Góra/Wulkan Kanczendzonga
8%
Pustynia Kara-kum
8%
Zbiornik wodny Morze Banda
8%
Zbiornik wodny Morze Lakkadiwskie
8%
Pustynia Chihuahua
7%
Zbiornik wodny Morze Arafura
7%
Zbiornik wodny Morze Bismarcka
7%
Zbiornik wodny Morze Sulu
7%
Wyspa Ellesmere'a
6%
Góra/Wulkan Góra Logan
6%
Zbiornik wodny Zatoka Karpentaria
6%
Zbiornik wodny Cieśnina Davisa
5%
Góra/Wulkan Jaya
5%
Zbiornik wodny Przejście Północno-Zachodnie
5%
Pustynia Simpsona
5%
Zbiornik wodny Zatoka Tonkińska
5%
Zbiornik wodny Cieśnina Makasarska
4%
Góra/Wulkan Orizaba
4%
Półwysep Szantung
4%
Zbiornik wodny Zatoka Maine
4%
Wyspa Outer Banks
3%
Nie znaleziono quizów pasujących do podanych kryteriów
Rozkład punktacji
Procent ludzi z każdym wynikiem
Percentyl według liczby udzielonych odpowiedzi
Twoja historia wyników
Nie rozwiązałeś tego quizu od ostatniego zresetowania